LEADER 00911nam0-2200325---450- 001 990009622080403321 005 20120920130250.0 010 $a9781585675661 035 $a000962208 035 $aFED01000962208 035 $a(Aleph)000962208FED01 035 $a000962208 100 $a20120920d2006----km-y0itay50------ba 101 0 $aeng 102 $aUS 105 $aa-------001yy 200 1 $aThermopylae$ethe battle that changed the world$fPaul Cartledge 210 $aWoodstock ; New York$cThe Overlook press$d2006 215 $aXXXVII, 313 p.$cill.$d23 cm 610 0 $aBattaglia delle Termopili 610 0 $aGrecia antica$aStoria 676 $a938.03 700 1$aCartledge,$bPaul$0176602 801 0$aIT$bUNINA$gRICA$2UNIMARC 901 $aBK 912 $a990009622080403321 952 $a938.03 CAR 1$bBibl.62751$fFLFBC 959 $aFLFBC 996 $aThermopylae$988675 997 $aUNINA LEADER 00944nam0-22003251i-450 001 990004483630403321 005 20230607122607.0 035 $a000448363 035 $aFED01000448363 035 $a(Aleph)000448363FED01 100 $a19990530d1902----km-y0itay50------ba 101 0 $aita 102 $aIT 105 $ay-------001yy 200 1 $aBismarck$enei suoi ricordi e pensieri$esaggio politico$fPietro Chimienti 210 $aBari$cGius. Laterza e Figli$d1902 215 $a153 p.$cill.$d18 cm 225 1 $aPiccola biblioteca di cultura moderna$v4 610 0 $aBismarck Ottone : Von - Ed. ante 1945 - Biografia 676 $a943.08092 676 $a321.0943 676 $a327.4304 700 1$aChimienti,$bPietro$0179092 801 0$aIT$bUNINA$gRICA$2UNIMARC 901 $aBK 912 $a990004483630403321 952 $a4/VII D 28$bScuol.Pedag.434$fFLFBC 959 $aFLFBC 996 $aBismarck$9546540 997 $aUNINA LEADER 00828nam0-22002771i-450 001 990002054570403321 005 20250702121524.0 035 $a000205457 100 $a20030910d1902----km-y0itay50------ba 101 0 $aita 102 $aIT 105 $aa e001yy 200 1 $aAtlante ornitologico$euccelli europei con notizie d' indole generali e particolari$fE. Arrigoni Degli Oddi 210 $aMilano$cUlrico Hoepli$d1902 215 $a566 p., 50 tav. col.$d31 cm 610 0 $aVolumi di pregio 610 0 $aOrnitologia 676 $a598$v23$zita 700 1$aArrigoni Degli Oddi,$bEttore$f<1867-1942>$079969 801 0$aIT$bUNINA$gRICA$2UNIMARC 901 $aBK 912 $a990002054570403321 952 $aB ENT 584$b01/0684/25$fFAGBC 959 $aFAGBC 996 $aAtlante ornitologico$979156 997 $aUNINA